Sports Quiz

Random Sports or World Quiz

Tennis ATP World Tour Year-End Top100 (2015) Quiz Stats

 Plays Quiz not verified by Sporcle

Support Sporcle.
Go Orange.
Score 0/100 Timer 20:00
0 Plays Today
Hint Answer % Correct
#1(Serbia)Novak Djokovic
99.4%
#3(Switzerland)Roger Federer
99.4%
#2(Great Britain)Andy Murray
98.9%
#5(Spain)Rafael Nadal
97.8%
#4(Switzerland)Stan Wawrinka
96.1%
#8(Japan)Kei Nishikori
96.1%
#14(Canada)Milos Raonic
96.1%
#7(Spain)David Ferrer
95.5%
#6(Czech Republic)Tomas Berdych
94.9%
#9(France)Richard Gasquet
94.9%
#10(France)Jo-Wilfried Tsonga
94.9%
#11(USA)John Isner
93.8%
#24(France)Gael Monfils
91%
#12(South Africa)Kevin Anderson
90.4%
#13(Croatia)Marin Cilic
90.4%
#15(France)Gilles Simon
89.9%
#16(Belgium)David Goffin
89.3%
#21(Italy)Fabio Fognini
89.3%
#28(Bulgaria)Grigor Dimitrov
87.1%
#30(Australia)Nick Kyrgios
85.4%
#17(Spain)Feliciano Lopez
83.1%
#22(Serbia)Viktor Troicki
83.1%
#18(Australia)Bernard Tomic
82%
#20(Austria)Dominic Thiem
82%
#46(Cyprus)Marcos Baghdatis
80.3%
#38(Luxembourg)Gilles Muller
79.2%
#33(Portugal)Joao Sousa
75.8%
#23(Croatia)Ivo Karlovic
74.7%
#34(Germany)Philipp Kohlschreiber
74.7%
#81(Latvia)Ernests Gulbis
74.7%
#19(France)Benoit Paire
74.2%
#29(Italy)Andreas Seppi
74.2%
#59(USA)Sam Querrey
74.2%
#26(USA)Jack Sock
71.9%
Hint Answer % Correct
#37(Brazil)Thomaz Bellucci
71.3%
#39(Canada)Vasek Pospisil
71.3%
#49(Spain)Fernando Verdasco
71.3%
#57(Poland)Jerzy Janowicz
71.3%
#36(Ukraine)Alexandr Dolgopolov
70.8%
#25(Spain)Roberto Bautista-Agut
69.7%
#40(Uruguay)Pablo Cuevas
69.7%
#66(Netherlands)Robin Haase
66.3%
#77(Taiwan)Yen-Hsun Lu
65.2%
#31(France)Jeremy Chardy
64.6%
#100(Israel)Dudi Sela
64.6%
#32(USA)Steve Johnson
64%
#44(Croatia)Borna Coric
64%
#61(Uzbekistan)Denis Istomin
64%
#53(Argentina)Juan Monaco
61.2%
#42(Spain)Tommy Robredo
59.6%
#73(Spain)Nicolas Almagro
58.4%
#35(Argentina)Leonardo Mayer
57.9%
#43(Slovakia)Martin Klizan
57.3%
#51(South Korea)Hyeon Chung
56.2%
#89(USA)Rajeev Ram
56.2%
#55(Czech Republic)Lukas Rosol
55.1%
#27(Spain)Guillermo Garcia-Lopez
53.9%
#71(France)Nicolas Mahut
53.4%
#83(Germany)Alexander Zverev
53.4%
#56(Dominican Republic)Victor Estrella-Burgos
51.7%
#62(Ukraine)Sergiy Stakhovsky
51.1%
#85(Lithuania)Ricardas Berankis
51.1%
#48(USA)Donald Young
50.6%
#45(Great Britain)Aljaz Bedene
50%
#60(Australia)Sam Groth
49.4%
#78(France)Lucas Pouille
48.9%
#82(Bosnia)Damir Dzumhur
48.9%
#70(Colombia)Santiago Giraldo
48.3%
Hint Answer % Correct
#47(France)Adrian Mannarino
47.2%
#84(Spain)Marcel Granollers
46.6%
#88(Argentina)Diego Schwartzman
46.6%
#80(Australia)Thanasi Kokkinakis
46.1%
#86(Belgium)Steve Darcis
46.1%
#41(Czech Republic)Jiri Vesely
45.5%
#52(Argentina)Federico Delbonis
45.5%
#58(Italy)Simone Bolelli
43.8%
#68(Italy)Paolo Lorenzi
43.3%
#79(Russia)Andrey Kuznetsov
42.1%
#76(Serbia)Dusan Lajovic
41%
#87(Croatia)Ivan Dodig
41%
#74(Argentina)Guido Pella
39.3%
#97(Germany)Benjamin Becker
37.6%
#95(France)Paul-Henri Mathieu
36.5%
#54(Spain)Albert Ramos-Vinolas
35.4%
#92(Australia)John Millman
35.4%
#64(Spain)Pablo Andujar
34.8%
#96(Japan)Taro Daniel
34.3%
#67(Spain)Pablo Carreno Busta
33.7%
#50(Russia)Teymuraz Gabashvili
32.6%
#99(Netherlands)Thiemo de Bakker
31.5%
#94(Ukraine)Illya Marchenko
29.8%
#65(Ukraine)Mikhail Kukushkin
28.7%
#63(Austria)Andreas Haider-Maurer
28.1%
#69(USA)Denis Kudla
27.5%
#93(India)Yuki Bhambri
27.5%
#91(Russia)Evgeny Donskoy
25.3%
#98(Spain)Daniel Gimeno-Traver
24.2%
#90(Italy)Marco Cecchinato
21.9%
#72(Spain)Inigo Cervantes
19.1%
#75(Spain)Daniel Munoz de la Nava
14%

You're not logged in!

Compare scores with friends on all Sporcle quizzes.
OR
Log In

From the Vault

How Close Can You Get To...? V

by gazzso

If you already live in Buenos Aires, then we're guessing you can get pretty close.
Remove Ads.
Support Sporcle.
Get the best of Sporcle when you Go Orange. This ad-free experience offers more features, more stats, and more fun while also helping to support Sporcle. Thank you for becoming a member.

Show Comments

Extras

Top Quizzes Today


Score Distribution

Your Account Isn't Verified!

In order to create a playlist on Sporcle, you need to verify the email address you used during registration. Go to your Sporcle Settings to finish the process.

Report this User

Report this user for behavior that violates our Community Guidelines.

Details: